[Event "38th World U20 ch"]
[Site "Yerevan ARM"]
[Date "1999.09.25"]
[Round "8.29"]
[White "Pinter, Erik"]
[Black "Korstin, Maris"]
[Result "1-0"]
[WhiteElo "2163"]
[BlackElo "2201"]
[EventDate "1999.09.18"]
[PlyCount "67"]

1.e4 c5 2.Nf3 e6 3.d4 cxd4 4.Nxd4 Nf6 5.Nc3 d6 6.Be2 Be7 7.O-O a6 8.f4 O-O
9.Be3 Qc7 10.g4 Re8 11.f5 exf5 12.Nxf5 Bxf5 13.Rxf5 Bd8 14.Bd3 Qc6 15.g5 
Bb6 16.gxf6 Bxe3+ 17.Kh1 g6 18.Qf3 Bd4 19.Nd5 Nd7 20.c3 Be5 21.Qh3 Kh8 22.
Qh6 Rg8 23.Rf3 Nxf6 24.Nxf6 Rg7 25.Raf1 Bxf6 26.Rxf6 Kg8 27.Qf4 Rf8 28.
Qxd6 Qa4 29.e5 Qxa2 30.e6 Qa4 31.exf7+ Rgxf7 32.Rxf7 Rxf7 33.Qd5 Qd7 34.
Bc4 1-0

[Event "38th World U20 ch"]
[Site "Yerevan ARM"]
[Date "1999.09.25"]
[Round "8.30"]
[White "Guid, Matej"]
[Black "Fantin, Ludwig"]
[Result "1-0"]
[WhiteElo "2185"]
[BlackElo "2184"]
[EventDate "1999.09.18"]
[PlyCount "49"]

1.e4 c5 2.Nf3 e6 3.d4 cxd4 4.Nxd4 Nf6 5.Nc3 Bb4 6.e5 Nd5 7.Bd2 Nxc3 8.bxc3
Be7 9.Qg4 O-O 10.Bh6 g6 11.h4 Qa5 12.Qg3 Rd8 13.h5 Nc6 14.Nxc6 dxc6 15.
hxg6 fxg6 16.Bd3 Qxc3+ 17.Ke2 Rd5 18.Bf4 Rxd3 19.cxd3 Qb2+ 20.Bd2 Bb4 21.
Qg5 Bd7 22.Rxh7 Qxd2+ 23.Qxd2 Bxd2 24.Rah1 Rf8 25.Rh8+ 1-0

[Event "38th World U20 ch"]
[Site "Yerevan ARM"]
[Date "1999.09.25"]
[Round "8.32"]
[White "Labollita, Martin"]
[Black "Krejci, Jakub"]
[Result "1-0"]
[WhiteElo "2199"]
[BlackElo "2221"]
[EventDate "1999.09.18"]
[PlyCount "81"]

1.d4 Nf6 2.c4 e6 3.Nc3 Bb4 4.Qc2 d5 5.cxd5 exd5 6.Bg5 h6 7.Bxf6 Qxf6 8.e3 
O-O 9.Nf3 c6 10.Be2 Nd7 11.a3 Bd6 12.b4 Qe7 13.O-O Nf6 14.Bd3 Re8 15.Nd2 
Ng4 16.Nf3 Nf6 17.Nd2 Ng4 18.g3 h5 19.Bh7+ Kh8 20.Bf5 Qf6 21.Bxc8 Raxc8 
22.Kg2 Rxe3 23.Nxd5 Qxd4 24.Nxe3 Qxe3 25.Qf5 Qe6 26.Qxh5+ Kg8 27.Rae1 Qd5+
28.Qxd5 cxd5 29.Rc1 Ra8 30.Nb3 Nf6 31.Rfd1 Be5 32.Rc2 b6 33.Rdc1 Kh7 34.f4
Bd6 35.Rc8 Rxc8 36.Rxc8 a5 37.Rc6 Ne4 38.Rxb6 axb4 39.axb4 Be7 40.Rb7 Bd6 
41.b5 1-0

[Event "38th World U20 ch"]
[Site "Yerevan ARM"]
[Date "1999.09.26"]
[Round "9.2"]
[White "Zhang Pengxiang"]
[Black "Naumann, Alexander"]
[Result "0-1"]
[WhiteElo "2462"]
[BlackElo "2478"]
[EventDate "1999.09.18"]
[PlyCount "70"]

1.e4 c5 2.Nf3 d6 3.d4 cxd4 4.Nxd4 Nf6 5.Nc3 a6 6.h3 e6 7.g4 d5 8.Bg2 dxe4 
9.O-O Be7 10.Nxe4 Nxe4 11.Bxe4 h5 12.gxh5 Qa5 13.Bg2 Qxh5 14.Qxh5 Rxh5 15.
Be3 e5 16.Ne2 Nc6 17.f4 Bxh3 18.Ng3 Bxg2 19.Kxg2 Rh7 20.fxe5 Nxe5 21.Nf5 
Rc8 22.Rae1 Rxc2+ 23.Kg3 Bb4 24.Bd2 Rxd2 25.Rxe5+ Kd7 26.Re4 Rxb2 27.Rd1+ 
Kc6 28.Rc4+ Kb6 29.Rd7 g6 30.Nd6 Bxd6+ 31.Rxd6+ Ka7 32.Rd7 Rhh2 33.a4 
Rhg2+ 34.Kf3 Rgf2+ 35.Kg4 Rf5 0-1

[Event "38th World U20 ch"]
[Site "Yerevan ARM"]
[Date "1999.09.26"]
[Round "9.3"]
[White "Kasimdzhanov, Rustam"]
[Black "Bakhtadze, Giorgi"]
[Result "1-0"]
[WhiteElo "2603"]
[BlackElo "2403"]
[EventDate "1999.09.18"]
[PlyCount "83"]

1.e4 c5 2.Nf3 e6 3.c4 d6 4.d4 cxd4 5.Nxd4 Nf6 6.Nc3 a6 7.Be2 b6 8.O-O Bb7 
9.f3 Nbd7 10.Be3 Be7 11.a4 O-O 12.a5 bxa5 13.Nb3 Rb8 14.Nxa5 Ba8 15.Qd2 
Re8 16.Rfd1 Qc7 17.Rdc1 Ne5 18.Na4 Qd8 19.c5 dxc5 20.Qxd8 Bxd8 21.Nxc5 
Rxb2 22.Bxa6 Ng6 23.Bf1 Rb8 24.Na6 Bb6 25.Bxb6 Rxb6 26.Rc7 Ne5 27.Rac1 g5 
28.R1c5 Ng6 29.Ra7 Rd8 30.Nc7 Rbb8 31.Rxg5 e5 32.h4 Kf8 33.h5 Nf4 34.Rxe5 
N6xh5 35.Rb5 Rbc8 36.Kh2 Rd1 37.Bc4 Rd2 38.Rg5 h6 39.Rg4 Rd7 40.Ne6+ Ke7 
41.Rxd7+ Kxd7 42.Nxf4 1-0

[Event "38th World U20 ch"]
[Site "Yerevan ARM"]
[Date "1999.09.26"]
[Round "9.4"]
[White "Asrian, Karen"]
[Black "Blehm, Pawel"]
[Result "1/2-1/2"]
[WhiteElo "2575"]
[BlackElo "2479"]
[EventDate "1999.09.18"]
[PlyCount "152"]

1.e4 e5 2.Nf3 Nc6 3.Bb5 a6 4.Ba4 Nf6 5.O-O b5 6.Bb3 Bc5 7.a4 Rb8 8.axb5 
axb5 9.c3 d6 10.d4 Bb6 11.h3 O-O 12.Re1 Bb7 13.Bg5 h6 14.Bh4 g5 15.Bg3 Re8
16.d5 Ne7 17.Nh2 Bc8 18.Kf1 Ng6 19.Ng4 Kg7 20.f3 Nxg4 21.fxg4 Qf6+ 22.Qf3 
Qxf3+ 23.gxf3 h5 24.Na3 hxg4 25.hxg4 Bd7 26.Nc2 Rh8 27.Kg2 Nh4+ 28.Bxh4 
Rxh4 29.Rh1 Rxh1 30.Kxh1 Bc5 31.Kg2 Kf6 32.Ne1 Rh8 33.Nd3 Be3 34.Bd1 Ke7 
35.Be2 Kf6 36.Bf1 Ke7 37.Nb4 Bf4 38.Kf2 Rh2+ 39.Bg2 Be3+ 40.Kxe3 Rxg2 41.
Nd3 Rc2 42.Ra7 Kd8 43.Ra8+ Ke7 44.Ra2 Rh2 45.Ra7 Kd8 46.Nf2 Rg2 47.Ra8+ 
Ke7 48.Rg8 Kf6 49.Ra8 Ke7 50.Ra1 Rh2 51.Ra7 Kd8 52.Ke2 Rg2 53.Ra1 Ke7 54.
Rd1 Rg3 55.Ke3 Rg2 56.Rh1 Kf6 57.Rh6+ Ke7 58.Rh5 Kf6 59.Rh1 Ke7 60.Nd3 Rc2
61.Rd1 Rh2 62.Ra1 Rc2 63.Ra3 Rh2 64.Nf2 Rg2 65.Ra7 Kd8 66.Ra2 Ke7 67.Nd3 
Rh2 68.Nb4 Rh3 69.Kf2 Rh2+ 70.Ke3 Rh3 71.Kf2 Rh2+ 72.Kg3 Rd2 73.b3 Rd1 74.
Ra7 Kd8 75.Ra8+ Ke7 76.Ra7 Kd8 1/2-1/2

[Event "38th World U20 ch"]
[Site "Yerevan ARM"]
[Date "1999.09.26"]
[Round "9.5"]
[White "Iliushin, Alexei"]
[Black "Gaprindashvili, Valerian"]
[Result "1-0"]
[WhiteElo "2527"]
[BlackElo "2390"]
[EventDate "1999.09.18"]
[PlyCount "89"]

1.d4 Nf6 2.c4 e6 3.Nc3 Bb4 4.e3 c5 5.Ne2 b6 6.a3 Ba5 7.g3 Bb7 8.d5 Ne4 9.
Bd2 Nxd2 10.Qxd2 b5 11.Bg2 bxc4 12.O-O Qb6 13.Rad1 O-O 14.Qc2 e5 15.d6 
Bxg2 16.Kxg2 Qc6+ 17.Rd5 Bxc3 18.Nxc3 Na6 19.Rd1 Rab8 20.Na4 f6 21.e4 Qb5 
22.R5d2 Rfc8 23.Rc1 Rc6 24.Nc3 Qb3 25.Nd5 Kf7 26.Ne3 Qxc2 27.Rcxc2 Ke6 28.
Nxc4 g5 29.Rc3 Rb5 30.f4 gxf4 31.gxf4 exf4 32.Rh3 Rc8 33.Rxh7 Re8 34.Kf3 
Nb8 35.Kxf4 Nc6 36.Ne3 Reb8 37.Nd5 Nd4 38.Nc7+ Kxd6 39.Nxb5+ Rxb5 40.b4 
Kc6 41.Ke3 Rb7 42.bxc5 Ne6 43.Rd6+ Kxc5 44.Rhxd7 Rb3+ 45.Rd3 1-0

[Event "38th World U20 ch"]
[Site "Yerevan ARM"]
[Date "1999.09.26"]
[Round "9.6"]
[White "Dervishi, Erald"]
[Black "Mchedlishvili, Mikheil"]
[Result "1/2-1/2"]
[WhiteElo "2496"]
[BlackElo "2441"]
[EventDate "1999.09.18"]
[PlyCount "93"]

1.e4 c5 2.Nf3 Nc6 3.d4 cxd4 4.Nxd4 Nf6 5.Nc3 d6 6.Bc4 e6 7.Be3 Be7 8.Qe2 
a6 9.O-O-O Qc7 10.Bb3 Na5 11.g4 b5 12.g5 Nxb3+ 13.axb3 Nd7 14.h4 b4 15.Na4
Nc5 16.f3 Bd7 17.Kb1 Bxa4 18.bxa4 Nxa4 19.h5 Nc5 20.g6 Bf6 21.e5 dxe5 22.
Nb5 axb5 23.Qxb5+ Nd7 24.Bb6 Qc8 25.gxf7+ Ke7 26.Rxd7+ Qxd7 27.Bc5+ Kd8 
28.Qb6+ Kc8 29.f8=Q+ Rxf8 30.Bxf8 Qd5 31.Qc5+ Kd7 32.Qxd5+ exd5 33.Bxb4 
Ke6 34.Bd2 Kf5 35.c3 g6 36.hxg6 hxg6 37.Kc2 g5 38.Rb1 Bd8 39.Be3 Rb8 40.
Rd1 Ke6 41.b4 Be7 42.Ra1 d4 43.Ra6+ Kf5 44.cxd4 exd4 45.Ra5+ Kg6 46.Bxd4 
Rxb4 47.Kd3 1/2-1/2

[Event "38th World U20 ch"]
[Site "Yerevan ARM"]
[Date "1999.09.26"]
[Round "9.7"]
[White "Gershon, Alik"]
[Black "Smetankin, Stanislav"]
[Result "1-0"]
[WhiteElo "2492"]
[BlackElo "2385"]
[EventDate "1999.09.18"]
[PlyCount "53"]

1.d4 Nf6 2.c4 c5 3.d5 e6 4.Nc3 exd5 5.cxd5 d6 6.Nf3 g6 7.Nd2 Nbd7 8.e4 Bg7
9.Be2 O-O 10.O-O Re8 11.Re1 g5 12.Nc4 Nxe4 13.Nxe4 Rxe4 14.Nxd6 Rd4 15.Qc2
Nb6 16.Nxf7 Qxd5 17.Nxg5 Bf5 18.Qb3 c4 19.Qg3 Be5 20.f4 Bg7 21.Be3 Na4 22.
Nf3 Re4 23.Rad1 Qe6 24.Bd4 Bg6 25.Ne5 Rxd4 26.Rxd4 Nxb2 27.Bf3 1-0

[Event "38th World U20 ch"]
[Site "Yerevan ARM"]
[Date "1999.09.26"]
[Round "9.8"]
[White "Jenni, Florian"]
[Black "Svetuschin, Dumitru"]
[Result "0-1"]
[WhiteElo "2399"]
[BlackElo "2486"]
[EventDate "1999.09.18"]
[PlyCount "54"]

1.e4 g6 2.d4 Bg7 3.Nf3 d6 4.Bc4 c6 5.Nc3 Nf6 6.e5 dxe5 7.Nxe5 O-O 8.O-O 
Nbd7 9.Bg5 Nb6 10.Bb3 Nfd5 11.Nxd5 cxd5 12.Bf4 Bf5 13.Re1 a5 14.a4 Be6 15.
c3 Nd7 16.h4 Nf6 17.Qc1 Bf5 18.Bd1 Qb6 19.Ra3 Ne4 20.Rb3 Qa6 21.Be2 Qa7 
22.Qe3 Be6 23.h5 g5 24.Bh2 f5 25.Bb5 f4 26.Qe2 Bxe5 27.dxe5 g4 0-1

[Event "38th World U20 ch"]
[Site "Yerevan ARM"]
[Date "1999.09.26"]
[Round "9.13"]
[White "Marcelin, Cyril"]
[Black "Perelshteyn, Eugene"]
[Result "1/2-1/2"]
[WhiteElo "2395"]
[BlackElo "2416"]
[EventDate "1999.09.18"]
[PlyCount "67"]

1.e4 c6 2.d3 d5 3.Nd2 g6 4.g3 Bg7 5.Bg2 e5 6.Ngf3 Ne7 7.O-O O-O 8.Qe2 Qc7 
9.a4 a5 10.b3 Na6 11.Bb2 d4 12.c3 dxc3 13.Bxc3 c5 14.Nc4 Nc6 15.Ne3 Nab4 
16.Nd5 Qd8 17.Rac1 Be6 18.Bxb4 Nxb4 19.Rxc5 b6 20.Rcc1 Nxd5 21.exd5 Bxd5 
22.Nd2 Bxg2 23.Kxg2 b5 24.Rc5 bxa4 25.bxa4 Qd7 26.Rb5 Rfd8 27.Nc4 Qxd3 28.
Qxd3 Rxd3 29.Nxa5 e4 30.Nb3 e3 31.fxe3 Rxa4 32.Nc5 Rd2+ 33.Rf2 Raa2 34.Ne4
1/2-1/2

[Event "38th World U20 ch"]
[Site "Yerevan ARM"]
[Date "1999.09.26"]
[Round "9.14"]
[White "Kidambi, Sundararajan"]
[Black "Chibukhchian, Artur"]
[Result "0-1"]
[WhiteElo "2334"]
[BlackElo "2413"]
[EventDate "1999.09.18"]
[PlyCount "70"]

1.d4 Nf6 2.c4 g6 3.Nc3 d6 4.e4 Bg7 5.Nf3 O-O 6.Be2 Bg4 7.Be3 Nc6 8.d5 Bxf3
9.Bxf3 Ne5 10.Be2 Re8 11.O-O e6 12.f4 Ned7 13.dxe6 Rxe6 14.Bf3 c6 15.Bf2 
Qa5 16.a3 Rae8 17.b4 Qc7 18.Rc1 h5 19.c5 dxc5 20.e5 Bh6 21.exf6 Bxf4 22.
bxc5 Bxh2+ 23.Kh1 Nxf6 24.Rc2 Bg3 25.Qd4 Be5 26.Qc4 g5 27.Bd1 Ng4 28.Ne4 
Bf4 29.Nd6 Bxd6 30.cxd6 Qxd6 31.Bxg4 hxg4 32.g3 b5 33.Qb3 Rh6+ 34.Kg1 Qg6 
35.Bd4 Qh7 0-1

[Event "38th World U20 ch"]
[Site "Yerevan ARM"]
[Date "1999.09.26"]
[Round "9.15"]
[White "Bucinskas, Valdas"]
[Black "Bunzmann, Dimitrij"]
[Result "1/2-1/2"]
[WhiteElo "2248"]
[BlackElo "2596"]
[EventDate "1999.09.18"]
[PlyCount "123"]

1.e4 e6 2.d4 b6 3.c4 Bb7 4.Nc3 Bb4 5.Qc2 Qh4 6.Bd3 Bxc3+ 7.bxc3 f5 8.g3 
Qh5 9.Be2 Qf7 10.Bf3 fxe4 11.Bxe4 Bxe4 12.Qxe4 Nc6 13.Ba3 Nf6 14.Qe2 Qh5 
15.Qxh5+ Nxh5 16.Ke2 Nf6 17.Kd3 d6 18.Re1 Kd7 19.Nh3 Rhf8 20.f3 Ng8 21.Re3
Rf5 22.Bc1 Raf8 23.Rf1 Nh6 24.Ng1 e5 25.Re2 Ng8 26.Rfe1 Nge7 27.f4 exf4 
28.Bxf4 Ng6 29.Bc1 Rf2 30.Bd2 Rxe2 31.Rxe2 Rf1 32.Re1 Rf5 33.Re2 a6 34.Nh3
Na5 35.g4 Rf3+ 36.Re3 Nf4+ 37.Nxf4 Rxf4 38.Re7+ Kxe7 39.Bxf4 Ke6 40.d5+ 
Kf6 41.h4 Kg6 42.Be3 Nb7 43.Bd4 Na5 44.Be3 Nb7 45.Bd4 h5 46.gxh5+ Kxh5 47.
Bxg7 Kxh4 48.Bf6+ Kh5 49.Ke4 Kg6 50.Bh4 Kf7 51.Bf2 Ke7 52.Kd3 Kd7 53.Be3 
Nd8 54.Ke4 Nf7 55.Bd4 c5 56.Bf6 Nh6 57.Kf4 b5 58.Kg5 Nf7+ 59.Kg6 Ke8 60.
cxb5 axb5 61.a3 c4 62.Kf5 1/2-1/2

[Event "38th World U20 ch"]
[Site "Yerevan ARM"]
[Date "1999.09.26"]
[Round "9.16"]
[White "Sargissian, Gabriel"]
[Black "Rizouk, Aimen"]
[Result "1/2-1/2"]
[WhiteElo "2470"]
[BlackElo "2312"]
[EventDate "1999.09.18"]
[PlyCount "95"]

1.Nf3 Nf6 2.g3 b6 3.Bg2 Bb7 4.O-O e6 5.c4 Be7 6.Nc3 Ne4 7.Nxe4 Bxe4 8.d3 
Bb7 9.e4 c5 10.Re1 O-O 11.d4 cxd4 12.Nxd4 d6 13.b3 a6 14.Bb2 Nd7 15.a4 Qc7
16.Qd2 Rfe8 17.Re3 Rac8 18.Rd1 Nc5 19.h3 Bf8 20.Kh2 Qb8 21.Rde1 Qa8 22.Nc2
Red8 23.f3 Qb8 24.Nd4 Qc7 25.Qd1 e5 26.Ne2 b5 27.axb5 axb5 28.Nc3 bxc4 29.
bxc4 Qb6 30.Nb5 Ra8 31.Ra3 Bc6 32.Qe2 Rdb8 33.Rxa8 Rxa8 34.Ra1 Rxa1 35.
Bxa1 Ne6 36.Bf1 Be7 37.h4 g6 38.Bc3 Qc5 39.Qd2 Bxb5 40.cxb5 Nd4 41.Bxd4 
exd4 42.Qa2 Kg7 43.Bc4 Bd8 44.Qb3 Bb6 45.Kh3 Qc7 46.f4 Qc8+ 47.Kg2 Qa8 48.
Bd3 1/2-1/2

[Event "38th World U20 ch"]
[Site "Yerevan ARM"]
[Date "1999.09.26"]
[Round "9.17"]
[White "Janssen, Ruud"]
[Black "Jakupovic, Neven"]
[Result "0-1"]
[WhiteElo "2448"]
[BlackElo "2263"]
[EventDate "1999.09.18"]
[PlyCount "74"]

1.d4 Nf6 2.Nf3 d6 3.c4 g6 4.Nc3 Bf5 5.Ng5 Bd7 6.e4 e5 7.d5 a5 8.Bd3 Bg7 9.
f4 exf4 10.Bxf4 O-O 11.Qd2 Na6 12.O-O Ng4 13.Nf3 Nc5 14.h3 Ne5 15.Nxe5 
Bxe5 16.Bxe5 dxe5 17.Bc2 Qe7 18.b3 b6 19.a3 Nb7 20.Kh1 Kg7 21.Ne2 c5 22.
dxc6 Bxc6 23.Nc3 Rad8 24.Nd5 Bxd5 25.cxd5 Rc8 26.Rfc1 Rc5 27.b4 Rc4 28.Bd3
Rd4 29.Rab1 Ra8 30.Rc6 axb4 31.Rxb4 Rxa3 32.Rxd4 exd4 33.Rxb6 Nd6 34.Qf4 
Rxd3 35.Qxd6 Rd1+ 36.Kh2 Qxd6+ 37.Rxd6 d3 0-1

[Event "38th World U20 ch"]
[Site "Yerevan ARM"]
[Date "1999.09.26"]
[Round "9.18"]
[White "Matikozian, Andranik"]
[Black "Berg, Emanuel"]
[Result "1-0"]
[WhiteElo "2427"]
[BlackElo "2348"]
[EventDate "1999.09.18"]
[PlyCount "87"]

1.e4 e6 2.d3 d5 3.Nd2 b6 4.Ngf3 Nf6 5.c3 c5 6.Be2 Qc7 7.O-O Bd6 8.Re1 O-O 
9.Bf1 Nc6 10.g3 a5 11.Nh4 e5 12.Bg2 Be6 13.a4 Rad8 14.Nf1 Be7 15.Qe2 Qd7 
16.Ne3 d4 17.Nef5 dxc3 18.bxc3 Qxd3 19.Qb2 Rb8 20.Qb5 Qxb5 21.axb5 g6 22.
Nh6+ Kg7 23.bxc6 b5 24.Rxa5 b4 25.cxb4 cxb4 26.Bf1 b3 27.Rb5 Rxb5 28.Bxb5 
Rb8 29.Bd3 Rc8 30.Nf3 Bb4 31.Rd1 Bc3 32.Ng5 Rxc6 33.Nxe6+ Rxe6 34.Kf1 Rd6 
35.Ke2 b2 36.Bg5 Nd7 37.Ng4 h5 38.Ne3 f6 39.Nc4 Rc6 40.Be3 Nc5 41.Bxc5 
Rxc5 42.Rb1 Rb5 43.Nd6 Rb3 44.Nb5 1-0

[Event "38th World U20 ch"]
[Site "Yerevan ARM"]
[Date "1999.09.26"]
[Round "9.19"]
[White "Pert, Nicholas"]
[Black "Atakisi, Umut"]
[Result "1-0"]
[WhiteElo "2425"]
[BlackElo "2238"]
[EventDate "1999.09.18"]
[PlyCount "53"]

1.d4 Nf6 2.Nf3 g6 3.g3 Bg7 4.Bg2 O-O 5.O-O d5 6.Nbd2 c5 7.dxc5 Nbd7 8.Nb3 
Qc7 9.c3 a5 10.a4 Nxc5 11.Bf4 Qb6 12.Nxc5 Qxc5 13.Qb3 Ne4 14.Be3 Qd6 15.
Rad1 e6 16.Nd4 Nc5 17.Qa3 Ne4 18.Qa2 Qe7 19.c4 Rd8 20.Nb5 Nf6 21.Rd2 dxc4 
22.Bc5 Qxc5 23.Rxd8+ Bf8 24.Qa3 Qxa3 25.Nxa3 Kg7 26.Nxc4 Be7 27.Rd3 1-0

[Event "38th World U20 ch"]
[Site "Yerevan ARM"]
[Date "1999.09.26"]
[Round "9.20"]
[White "De Vreugt, Dennis"]
[Black "Bognar, Csaba"]
[Result "1-0"]
[WhiteElo "2398"]
[BlackElo "2237"]
[EventDate "1999.09.18"]
[PlyCount "75"]

1.e4 d6 2.d4 Nf6 3.Bd3 g6 4.f4 Bg7 5.Nf3 O-O 6.h3 c5 7.dxc5 dxc5 8.e5 Nd5 
9.Be4 e6 10.c4 Nb4 11.Qxd8 Rxd8 12.Be3 N8a6 13.Nc3 Nd3+ 14.Ke2 Nxb2 15.Nd2
f5 16.Bb1 b6 17.a3 Nc7 18.a4 Bb7 19.Rg1 g5 20.g3 g4 21.hxg4 fxg4 22.Nce4 
Ba6 23.Rc1 Nd5 24.Ra2 Nxe3 25.Kxe3 Nxc4+ 26.Nxc4 Bxc4 27.Rxc4 Rd1 28.Bd3 
Rd8 29.Be2 R1d4 30.Rxd4 cxd4+ 31.Kd3 h5 32.Rc2 Rd7 33.Ng5 Re7 34.Kxd4 h4 
35.gxh4 g3 36.Bg4 Rd7+ 37.Ke3 g2 38.Rxg2 1-0

[Event "38th World U20 ch"]
[Site "Yerevan ARM"]
[Date "1999.09.26"]
[Round "9.22"]
[White "Williams, Simon"]
[Black "Guid, Matej"]
[Result "1/2-1/2"]
[WhiteElo "2421"]
[BlackElo "2185"]
[EventDate "1999.09.18"]
[PlyCount "57"]

1.c4 g6 2.Nc3 Bg7 3.g3 e5 4.Bg2 Nc6 5.e4 d6 6.d3 Nge7 7.h4 h6 8.Nd5 Nd4 9.
h5 c6 10.Nxe7 Qxe7 11.hxg6 fxg6 12.Be3 c5 13.Qd2 g5 14.Ne2 Nxe2 15.Qxe2 g4
16.O-O-O h5 17.f3 Be6 18.fxg4 hxg4 19.Rxh8+ Bxh8 20.Qd2 Bf6 21.Rh1 O-O-O 
22.Bf1 Rh8 23.Rxh8+ Bxh8 24.Be2 Bf6 25.Kb1 Qh7 26.Qd1 Qh3 27.Qg1 Be7 28.a4
a5 29.Bf1 1/2-1/2

[Event "38th World U20 ch"]
[Site "Yerevan ARM"]
[Date "1999.09.26"]
[Round "9.23"]
[White "Aschenbrenner, Robert"]
[Black "Starostits, Ilmars"]
[Result "0-1"]
[WhiteElo "2160"]
[BlackElo "2358"]
[EventDate "1999.09.18"]
[PlyCount "76"]

1.e4 e5 2.Nf3 Nc6 3.Bc4 d6 4.d4 exd4 5.Nxd4 g6 6.Nc3 Bg7 7.Be3 Ne5 8.Be2 
Nf6 9.h3 O-O 10.O-O Re8 11.Nb3 Be6 12.Nd2 d5 13.exd5 Nxd5 14.Nxd5 Bxd5 15.
c3 Qd6 16.Nf3 Rad8 17.Nxe5 Bxe5 18.Bf3 Qe6 19.Bxd5 Rxd5 20.Qa4 Bd6 21.Rad1
b5 22.Qg4 Rxd1 23.Rxd1 Qxa2 24.Qd7 Rxe3 25.fxe3 Qxb2 26.Rf1 Qb3 27.Qd8+ 
Bf8 28.Qxc7 a6 29.Kh1 Qe6 30.Qa7 Bd6 31.e4 Kg7 32.Qd4+ Be5 33.Qd5 Bxc3 34.
Rc1 b4 35.Qd3 Qc6 36.e5 a5 37.Qd6 Qxd6 38.exd6 Kf8 0-1

[Event "38th World U20 ch"]
[Site "Yerevan ARM"]
[Date "1999.09.26"]
[Round "9.24"]
[White "Lipinsky, Fabian"]
[Black "Dovramadiev, Tikhomir"]
[Result "0-1"]
[WhiteElo "2331"]
[BlackElo "2254"]
[EventDate "1999.09.18"]
[PlyCount "88"]

1.d4 d5 2.c4 e6 3.Nf3 f5 4.g3 Nf6 5.Bg2 Be7 6.O-O O-O 7.Qc2 c6 8.b3 Ne4 9.
Ba3 Nd7 10.Ne1 Bxa3 11.Nxa3 Qe7 12.Qc1 b6 13.Nd3 Bb7 14.Rb1 c5 15.f3 Nef6 
16.dxc5 bxc5 17.Re1 a6 18.e3 Rfd8 19.Rb2 Rac8 20.Rc2 h6 21.cxd5 exd5 22.
Nb1 Rc7 23.Nd2 Rdc8 24.Nf1 Ne5 25.Qd2 g6 26.Rec1 Kh7 27.Nxe5 Qxe5 28.Qd3 
Ne8 29.Nd2 Nd6 30.Kf2 Qe6 31.Kg1 a5 32.a4 Ne8 33.Kf2 Ba6 34.Qc3 d4 35.exd4
cxd4 36.Qxc7+ Rxc7 37.Rxc7+ Nxc7 38.Rxc7+ Kh8 39.Nc4 Bxc4 40.bxc4 d3 41.
Rb7 Qe2+ 42.Kg1 d2 43.Rb8+ Kg7 44.Rb7+ Kf8 0-1

[Event "38th World U20 ch"]
[Site "Yerevan ARM"]
[Date "1999.09.26"]
[Round "9.25"]
[White "Arutunian, David"]
[Black "Leskiewicz, Maksymilian"]
[Result "1/2-1/2"]
[WhiteElo "2318"]
[BlackElo "2206"]
[EventDate "1999.09.18"]
[PlyCount "82"]

1.e4 c5 2.Nf3 d6 3.d4 cxd4 4.Nxd4 Nf6 5.Nc3 a6 6.Be2 e5 7.Nb3 Be7 8.O-O 
O-O 9.a4 Be6 10.f4 exf4 11.Bxf4 Nc6 12.Kh1 Rc8 13.Qe1 Ne8 14.Rd1 Bf6 15.
Qg3 Be5 16.Bxe5 Nxe5 17.Nd4 Nf6 18.Rf4 Kh8 19.Qe3 Qe7 20.Nf5 Bxf5 21.exf5 
Rfe8 22.Rfd4 Rc6 23.Qd2 Qd7 24.Rf1 Qc7 25.h3 Qb6 26.Rb1 Rxc3 27.a5 Rxh3+ 
28.gxh3 Qc6+ 29.Kg1 Nf3+ 30.Bxf3 Qxf3 31.Qf2 Qh5 32.Re1 Rxe1+ 33.Qxe1 Qxf5
34.Qc3 d5 35.Qd3 Qg5+ 36.Kh2 Qe5+ 37.Kg2 h6 38.c3 Nh5 39.Qf3 Nf6 40.Qg3 
Qe2+ 41.Qf2 Qe5 1/2-1/2

[Event "38th World U20 ch"]
[Site "Yerevan ARM"]
[Date "1999.09.26"]
[Round "9.26"]
[White "Mallahi, Amir"]
[Black "Pinter, Erik"]
[Result "1/2-1/2"]
[WhiteElo "2317"]
[BlackElo "2163"]
[EventDate "1999.09.18"]
[PlyCount "132"]

1.e4 c5 2.c3 d5 3.exd5 Qxd5 4.d4 Nc6 5.Be3 cxd4 6.cxd4 e6 7.Nc3 Qd8 8.Nf3 
Nf6 9.a3 Be7 10.Bd3 O-O 11.O-O b6 12.Qe2 Bb7 13.Rad1 Re8 14.Bb1 Rc8 15.
Rfe1 Na5 16.Ne5 Bd5 17.Bg5 g6 18.Nxd5 Nxd5 19.Bc1 Bf6 20.Ba2 Nc6 21.Bc4 
Nb8 22.g3 Qc7 23.Bb5 Red8 24.h4 Qc2 25.Rd2 Qc7 26.Rdd1 Qc2 27.Rd2 Qc7 28.
h5 a6 29.Bd3 b5 30.Qg4 Bg7 31.Rc2 Qe7 32.hxg6 hxg6 33.Nxg6 fxg6 34.Rxe6 
Nf6 35.Qh3 Qd7 36.Bg5 Rxc2 37.Bxc2 Qxd4 38.Rxf6 Bxf6 39.Bb3+ Kf8 40.Qe6 
Qd1+ 41.Bxd1 Rxd1+ 42.Kg2 Bxg5 43.Qe5 Nd7 44.Qxg5 Rd6 45.Qe3 Kf7 46.f4 Re6
47.Qa7 Ke7 48.Kf3 Ke8 49.g4 Ke7 50.f5 gxf5 51.gxf5 Rb6 52.Kf4 Kd8 53.Kg5 
Kc8 54.Qa8+ Kc7 55.Qf3 Rc6 56.b3 Kb7 57.Qh1 Kc7 58.Qh8 Rb6 59.Qd4 Rc6 60.
a4 bxa4 61.bxa4 Rb6 62.a5 Rd6 63.Qa7+ Kc8 64.Qa8+ Kc7 65.Qg8 Rc6 66.Qh8 
Rd6 {(... 117)} 1/2-1/2

[Event "38th World U20 ch"]
[Site "Yerevan ARM"]
[Date "1999.09.26"]
[Round "9.28"]
[White "Peralta, Fernando"]
[Black "Labollita, Martin"]
[Result "0-1"]
[WhiteElo "2433"]
[BlackElo "2199"]
[EventDate "1999.09.18"]
[PlyCount "64"]

1.Nf3 c5 2.g3 g6 3.Bg2 Bg7 4.O-O Nc6 5.d3 d6 6.e4 e5 7.a3 Nge7 8.c3 a5 9.
a4 O-O 10.Na3 h6 11.Nd2 Be6 12.Ndc4 d5 13.exd5 Nxd5 14.Nb5 Qe7 15.Qe2 Rad8
16.Be3 Bf5 17.Rad1 Rd7 18.Bc1 Qd8 19.Rfe1 Nb6 20.Be4 Be6 21.Nba3 Nxc4 22.
Nxc4 Qc7 23.f4 exf4 24.Bxf4 Qd8 25.Bf3 Bf5 26.Qf2 Rxd3 27.Qxc5 Re8 28.Nd6 
Rxe1+ 29.Rxe1 Rxf3 30.Qd5 Rxf4 31.Qxf7+ Kh7 32.Ne8 Qb6+ 0-1

[Event "38th World U20 ch"]
[Site "Yerevan ARM"]
[Date "1999.09.26"]
[Round "9.32"]
[White "Krejci, Jakub"]
[Black "Aranha Filho, Alvaro Zimmermann"]
[Result "1-0"]
[WhiteElo "2221"]
[BlackElo "2236"]
[EventDate "1999.09.18"]
[PlyCount "63"]

1.e4 c5 2.Nf3 a6 3.c4 e6 4.Nc3 Nc6 5.g3 g6 6.d4 cxd4 7.Nxd4 Bg7 8.Be3 Nge7
9.Bg2 d6 10.O-O O-O 11.Rc1 Nxd4 12.Bxd4 Bxd4 13.Qxd4 e5 14.Qd2 Nc6 15.Ne2 
Bg4 16.f3 Be6 17.Kh1 Qb6 18.f4 Qb4 19.Nc3 Bxc4 20.Rfd1 Rad8 21.b3 Be6 22.
f5 Bc8 23.Qh6 f6 24.fxg6 Rd7 25.Nd5 Qa3 26.gxh7+ Rxh7 27.Nxf6+ Rxf6 28.
Qxf6 Bg4 29.Qxd6 Qxa2 30.Rxc6 bxc6 31.Qg6+ Kf8 32.Qf6+ 1-0

[Event "38th World U20 ch"]
[Site "Yerevan ARM"]
[Date "1999.09.27"]
[Round "10.1"]
[White "Naumann, Alexander"]
[Black "Galkin, Alexander"]
[Result "1/2-1/2"]
[WhiteElo "2478"]
[BlackElo "2535"]
[EventDate "1999.09.18"]
[PlyCount "56"]

1.d4 d5 2.c4 e6 3.Nc3 c6 4.Nf3 dxc4 5.a4 Bb4 6.e3 b5 7.Bd2 a5 8.axb5 Bxc3 
9.Bxc3 cxb5 10.b3 Bb7 11.d5 Nf6 12.bxc4 b4 13.Bxf6 Qxf6 14.Qa4+ Nd7 15.Nd4
e5 16.Nb3 Ke7 17.Be2 Rhc8 18.O-O Nc5 19.Nxc5 Rxc5 20.f4 e4 21.Qd1 Kd6 22.
Qd4 Qxd4 23.exd4 Rc7 24.Rfb1 Bc8 25.Rxb4 axb4 26.Rxa8 b3 27.Ra1 b2 28.Rb1 
Rb7 1/2-1/2

[Event "38th World U20 ch"]
[Site "Yerevan ARM"]
[Date "1999.09.27"]
[Round "10.6"]
[White "Mchedlishvili, Mikheil"]
[Black "Zhang Pengxiang"]
[Result "0-1"]
[WhiteElo "2441"]
[BlackElo "2462"]
[EventDate "1999.09.18"]
[PlyCount "76"]

1.d4 Nf6 2.Nf3 c5 3.d5 b5 4.Bg5 Qb6 5.Bxf6 Qxf6 6.c3 Qb6 7.e4 g6 8.Nbd2 
Bg7 9.a4 b4 10.Nc4 Qb7 11.Qc2 bxc3 12.bxc3 d6 13.Be2 Qc7 14.O-O O-O 15.
Rab1 Nd7 16.Nfd2 Ba6 17.f4 Rab8 18.Rbe1 Rb7 19.Bd3 Rfb8 20.Rf3 Nb6 21.h4 
Nxc4 22.Nxc4 Rb3 23.e5 Qd7 24.Bf1 Bxc4 25.Bxc4 Rb2 26.Qe4 Qg4 27.Rh3 Bh6 
28.Rf1 dxe5 29.d6 exd6 30.Qd5 Kh8 31.fxe5 Rd2 32.Bd3 c4 33.Qe4 Qxe4 34.
Bxe4 d5 35.Bf3 Re8 36.Bg4 Rxe5 37.Rxf7 Re1+ 38.Kh2 Bg7 0-1

[Event "38th World U20 ch"]
[Site "Yerevan ARM"]
[Date "1999.09.27"]
[Round "10.8"]
[White "Lopez Martinez, Josep Manuel"]
[Black "Pinski, Jan"]
[Result "1-0"]
[WhiteElo "2378"]
[BlackElo "2444"]
[EventDate "1999.09.18"]
[PlyCount "65"]

1.e4 e5 2.Nf3 Nc6 3.Bb5 a6 4.Ba4 Nf6 5.O-O Be7 6.Re1 b5 7.Bb3 d6 8.c3 O-O 
9.h3 Na5 10.Bc2 c5 11.d4 Nd7 12.Nbd2 exd4 13.cxd4 Nc6 14.Nf1 cxd4 15.Nxd4 
Nxd4 16.Qxd4 Ne5 17.Ne3 Bxh3 18.Nd5 Rc8 19.Bb3 Bf6 20.Qa7 Bg4 21.Be3 Nc6 
22.Qxa6 Bxb2 23.Rab1 Be5 24.Qxb5 Qh4 25.f4 Bd4 26.Qf1 Rfe8 27.Ba4 Bxe3+ 
28.Rxe3 Red8 29.Bxc6 Rxc6 30.g3 Qh5 31.Ne7+ Kf8 32.Nxc6 Rc8 33.Rb5 1-0